Vol. 1: A - En; Encyclopedia of Geology

Bibliografiske detaljer
Parent link:Encyclopedia of Geology/ под ред. R. C. Selley, L. R. M. Cocks, I. R. Plimer. Vol. 1: A - En.— , 2005.— 0-12-636380-3
Summary:Исключено из фонда НТБ ТПУ
Sprog:engelsk
Udgivet: 2005
Format: MixedMaterials Bog
KOHA link:https://koha.lib.tpu.ru/cgi-bin/koha/opac-detail.pl?biblionumber=22618

MARC

LEADER 00000nam2a2200000 4500
001 22618
005 20231030194805.0
010 |a 0124437125 
035 |a (RuTPU)RU\TPU\book\22831 
090 |a 22618 
100 |a 20011209d2005 km y0engy50 ba 
101 0 |a eng 
102 |a GB 
105 |a a f 000zy 
200 0 |a Vol. 1: A - En 
210 |d 2005 
215 |a 594 p. 
333 |a Исключено из фонда НТБ ТПУ 
461 1 |0 (RuTPU)RU\TPU\book\125724  |y 0-12-636380-3  |t Encyclopedia of Geology  |f под ред. R. C. Selley, L. R. M. Cocks, I. R. Plimer  |v Vol. 1: A - En  |d 2005 
675 |a 55(031)  |v 3 
801 2 |a RU  |b 63413507  |c 20210601  |g PSBO 
942 |c BK